[Event "Oceania zt"]
[Site "Gold Coast"]
[Date "1999.04.16"]
[Round "4"]
[White "Ilic, Ilija"]
[Black "Saw, Geoffrey"]
[Result "0-1"]
[WhiteElo "2115"]
[BlackElo "2205"]
[EventDate "1999.04.13"]
[PlyCount "44"]

1.d4 Nf6 2.Nc3 d5 3.Bf4 e6 4.Qd2 a6 5.f3 c5 6.e3 Nc6 7.O-O-O c4 8.Bg5 Be7 
9.e4 b5 10.Bxf6 Bxf6 11.exd5 exd5 12.Qe1+ Be6 13.f4 O-O 14.Nf3 b4 15.Nb1 
Qa5 16.Ne5 Bxe5 17.dxe5 Qxa2 18.Qf2 d4 19.Rxd4 Nxd4 20.Qxd4 Rfd8 21.Qe4 c3
22.bxc3 bxc3 0-1

[Event "Oceania zt"]
[Site "Gold Coast"]
[Date "1999.04.16"]
[Round "4"]
[White "Reeves, Tristan"]
[Black "Allen, Andrew"]
[Result "1-0"]
[WhiteElo "2245"]
[BlackElo "2261"]
[EventDate "1999.04.13"]
[PlyCount "47"]

1.e4 c6 2.Nc3 d5 3.d4 dxe4 4.Nxe4 Nd7 5.Nf3 Ngf6 6.Ng3 e6 7.Bd3 c5 8.O-O 
Be7 9.Qe2 O-O 10.Rd1 Qb6 11.a4 a6 12.a5 Qc7 13.c3 Nd5 14.Bb1 cxd4 15.Rxd4 
Bf6 16.Rc4 Qd8 17.Nh5 Be7 18.Qc2 f5 19.Nf4 N7f6 20.Qe2 Nxf4 21.Bxf4 Nd5 
22.Be5 Bd7 23.Rd4 Bc6 24.c4 1-0

[Event "Oceania zt"]
[Site "Gold Coast"]
[Date "1999.04.16"]
[Round "4"]
[White "Solomon, Stephen J"]
[Black "Laird, Craig"]
[Result "1-0"]
[WhiteElo "2435"]
[BlackElo "2300"]
[EventDate "1999.04.13"]
[PlyCount "93"]

1.e4 c5 2.Nf3 Nc6 3.d4 cxd4 4.Nxd4 g6 5.c4 Bg7 6.Be3 Nf6 7.Nc3 O-O 8.Be2 
d6 9.f3 Bd7 10.Qd2 Nxd4 11.Bxd4 Bc6 12.O-O Nd7 13.Be3 a5 14.b3 Nc5 15.Rab1
Qb6 16.Rfd1 Qb4 17.Nd5 Bxd5 18.exd5 Qxd2 19.Rxd2 Bc3 20.Rc2 Bf6 21.f4 h5 
22.a3 Kg7 23.Kf2 Rfc8 24.Kf3 Re8 25.b4 axb4 26.axb4 Na4 27.Rb3 e6 28.dxe6 
Rxe6 29.Ra2 Nc5 30.Rba3 Rxa3 31.Rxa3 Na6 32.Rb3 Nb8 33.Bd3 Nc6 34.Be4 Re7 
35.Bxc6 bxc6 36.b5 cxb5 37.cxb5 d5 38.Bc5 Rb7 39.b6 Bd8 40.Ke3 Kf6 41.Kd4 
Ke6 42.Re3+ Kd7 43.Kxd5 Rb8 44.Rb3 Rb7 45.Ra3 Rxb6 46.Bxb6 Bxb6 47.f5 1-0

[Event "Oceania zt"]
[Site "Gold Coast"]
[Date "1999.04.16"]
[Round "4"]
[White "Tindall, Brett"]
[Black "Weeks, Manuel William"]
[Result "1/2-1/2"]
[WhiteElo "2250"]
[BlackElo "2245"]
[EventDate "1999.04.13"]
[PlyCount "89"]

1.d4 d5 2.Nf3 c6 3.c3 Bf5 4.Qb3 Qb6 5.Bf4 Nd7 6.Nbd2 e6 7.Nh4 Bg4 8.e4 Be7
9.Nhf3 Bxf3 10.gxf3 Ngf6 11.Bd3 Qxb3 12.Nxb3 Nh5 13.Be3 a5 14.c4 dxc4 15.
Bxc4 a4 16.Nd2 O-O 17.f4 c5 18.d5 Nb6 19.Be2 exd5 20.Bxh5 d4 21.Rc1 dxe3 
22.fxe3 Rfd8 23.Ke2 Nd7 24.Bf3 b5 25.e5 Rac8 26.b3 Nb6 27.Bb7 Rb8 28.Bc6 
axb3 29.axb3 Nd5 30.Bxd5 Rxd5 31.Ne4 Rbd8 32.Rhd1 Rxd1 33.Rxd1 Rxd1 34.
Kxd1 Kf8 35.Kc2 Ke8 36.Nc3 b4 37.Ne4 g6 38.Kd3 Kd7 39.Kc4 Kc6 40.Ng3 Bh4 
41.Ne4 Be7 42.Nf6 h6 43.Ng8 Bf8 44.Nf6 Be7 45.Ng8 1/2-1/2

[Event "Oceania zt"]
[Site "Gold Coast"]
[Date "1999.04.16"]
[Round "4"]
[White "Wohl, Aleksandar H"]
[Black "Reilly, Tim"]
[Result "0-1"]
[WhiteElo "2440"]
[BlackElo "2258"]
[EventDate "1999.04.13"]
[PlyCount "75"]

1.e4 d6 2.d4 Nf6 3.Nc3 g6 4.Nf3 Bg7 5.Be3 O-O 6.Qd2 c6 7.Bd3 Bg4 8.Ng5 Qa5
9.h3 Bc8 10.h4 h5 11.O-O-O b5 12.Kb1 b4 13.Ne2 Nbd7 14.g4 c5 15.gxh5 Nxh5 
16.f4 Nb6 17.Nc1 c4 18.Be2 Ng3 19.h5 Nxh1 20.Qe1 f6 21.Qxh1 fxg5 22.hxg6 
Rxf4 23.Qh7+ Kf8 24.d5 Nd7 25.e5 dxe5 26.d6 exd6 27.Bxf4 exf4 28.Bxc4 Nf6 
29.Qh1 d5 30.Bxd5 Nxd5 31.Rxd5 Bb7 32.Rxa5 Bxh1 33.Rxg5 Kg8 34.Nd3 Rf8 35.
Rg1 Be4 36.Nf2 Bd4 37.g7 Rf7 38.Re1 0-1

[Event "Oceania zt"]
[Site "Gold Coast"]
[Date "1999.04.17"]
[Round "5"]
[White "Dive, Russell John"]
[Black "Reeves, Tristan"]
[Result "1-0"]
[WhiteElo "2440"]
[BlackElo "2245"]
[EventDate "1999.04.13"]
[PlyCount "87"]

1.d4 Nf6 2.c4 e6 3.Nc3 Bb4 4.Bg5 h6 5.Bh4 c5 6.d5 d6 7.f3 O-O 8.e4 b5 9.
Qb3 Na6 10.O-O-O bxc4 11.Bxc4 Bxc3 12.Qxc3 e5 13.Qe1 Rb8 14.Rd3 Rb4 15.Rc3
Qa5 16.Ne2 Rxc4 17.Rxc4 Qxa2 18.Rc3 Nb4 19.Bxf6 Qa1+ 20.Kd2 Qxb2+ 21.Ke3 
gxf6 22.Qd2 Qxd2+ 23.Kxd2 f5 24.Ra1 a6 25.Ng3 f4 26.Nf1 f5 27.Ke2 Bd7 28.
Nd2 Bb5+ 29.Nc4 Kf7 30.Kf2 Bxc4 31.Rxc4 Ke7 32.Ke2 Rg8 33.Rg1 Kf6 34.g3 
fxg3 35.Rxg3 Ra8 36.Rc1 f4 37.Rg2 Rh8 38.Rcg1 Rh7 39.Rg6+ Ke7 40.Re6+ Kd8 
41.Rgg6 a5 42.Rxd6+ Kc7 43.Rb6 Rg7 44.Rbc6+ 1-0

[Event "Oceania zt"]
[Site "Gold Coast"]
[Date "1999.04.17"]
[Round "5"]
[White "Johansen, Darryl Keith"]
[Black "Smerdon, David"]
[Result "1-0"]
[WhiteElo "2490"]
[BlackElo "2173"]
[EventDate "1999.04.13"]
[PlyCount "119"]

1.c4 e6 2.Nc3 d5 3.d4 Nf6 4.cxd5 exd5 5.Bg5 Be7 6.e3 Nbd7 7.Qc2 c6 8.Bd3 
Nh5 9.Bxe7 Qxe7 10.Nge2 g6 11.O-O-O Nb6 12.Kb1 Bd7 13.Nc1 O-O-O 14.Rhe1 f5
15.N3e2 Rhe8 16.g3 Kb8 17.Ng1 Rc8 18.Nb3 Na4 19.Nf3 Nf6 20.Qe2 Rc7 21.Rc1 
Rec8 22.Rc2 Ne4 23.Ne5 Nf6 24.Rec1 c5 25.Bb5 Bxb5 26.Qxb5 Qe8 27.Qxe8 Rxe8
28.Nxc5 Nxc5 29.Rxc5 Rec8 30.f3 g5 31.Rxc7 Rxc7 32.Rxc7 Kxc7 33.g4 fxg4 
34.Nxg4 Nd7 35.Nh6 Nf8 36.Kc2 Kd7 37.Kd3 Ke6 38.e4 Ng6 39.Ng4 Nf4+ 40.Kd2 
h5 41.Ne3 dxe4 42.fxe4 g4 43.Nf5 Kf6 44.Nh4 Kg5 45.Ke3 Ne6 46.Ng2 h4 47.d5
Nc5 48.Nf4 Kf6 49.b4 Nd7 50.Nd3 Kg5 51.a4 Nf6 52.d6 g3 53.hxg3 h3 54.Kf3 
Nd7 55.e5 Kf5 56.g4+ Ke6 57.Nc5+ Kxe5 58.Nxd7+ Kxd6 59.Nc5 b6 60.Nd3 1-0

[Event "Oceania zt"]
[Site "Gold Coast"]
[Date "1999.04.17"]
[Round "5"]
[White "Kulashko, Aleksei"]
[Black "Stawski, Nikolai"]
[Result "1-0"]
[WhiteElo "2396"]
[BlackElo "2045"]
[EventDate "1999.04.13"]
[PlyCount "35"]

1.e4 d5 2.exd5 Nf6 3.d4 Bg4 4.Be2 h5 5.c4 b5 6.b3 e6 7.dxe6 Bb4+ 8.Bd2 
Qxd4 9.Bxb4 Qxa1 10.Nf3 Bxe6 11.Qc2 g6 12.Bd3 bxc4 13.bxc4 Nc6 14.Bc3 Nb4 
15.Qa4+ Bd7 16.Qxb4 Qxa2 17.Bxf6 c5 18.Qxc5 1-0

[Event "Oceania zt"]
[Site "Gold Coast"]
[Date "1999.04.17"]
[Round "5"]
[White "Levi, Eddy"]
[Black "Berezina, Irina"]
[Result "1/2-1/2"]
[WhiteElo "2245"]
[BlackElo "2230"]
[EventDate "1999.04.13"]
[PlyCount "141"]

1.e4 c6 2.d4 g6 3.Nc3 Bg7 4.Bc4 d6 5.Qf3 e6 6.Bb3 Bxd4 7.Nge2 Bg7 8.Be3 
Qe7 9.O-O-O Nd7 10.Qg3 Ngf6 11.Bg5 h6 12.Bxf6 Qxf6 13.Rxd6 Qg5+ 14.f4 Qxg3
15.hxg3 Bf8 16.Rd2 Nc5 17.e5 Be7 18.g4 g5 19.g3 b5 20.Nd4 Bb7 21.Rdh2 
O-O-O 22.Rd1 gxf4 23.gxf4 b4 24.Na4 Nxb3+ 25.Nxb3 Rxd1+ 26.Kxd1 c5 27.Ke2 
c4 28.Nbc5 Bc6 29.b3 Bd5 30.Ke3 Kc7 31.Ne4 Kc6 32.Ng5 Rg8 33.Nxf7 Rxg4 34.
Nxh6 Rg3+ 35.Ke2 cxb3 36.axb3 Be4 37.Kd2 Rf3 38.Nb2 Rxf4 39.Nd3 Rf3 40.Ke2
Rf8 41.Ke3 Bd5 42.Ng4 Bg5+ 43.Kd4 a5 44.Ne3 Bf3 45.Nc4 Rd8+ 46.Nd6 Rd7 47.
Rh8 Rxd6+ 48.exd6 Bf6+ 49.Ke3 Bxh8 50.Kxf3 Kxd6 51.Ke4 Bc3 52.Nf4 Be1 53.
Nd3 Bg3 54.Kf3 Bh2 55.Ke4 Kc6 56.Nb2 Bc7 57.Kd4 Kb5 58.Ke4 Bg3 59.Nd3 Bc7 
60.Kd4 Bd6 61.Nb2 Bf8 62.Ke4 Bg7 63.Nd3 Kc6 64.Nf4 Kd6 65.Nd3 Bc3 66.Nf4 
e5 67.Nd3 Bd4 68.Ne1 Ba1 69.Nd3 Bc3 70.Nf2 Bd4 71.Nd3 1/2-1/2

[Event "Oceania zt"]
[Site "Gold Coast"]
[Date "1999.04.17"]
[Round "5"]
[White "Reilly, Tim"]
[Black "Feldman, Vladimir"]
[Result "0-1"]
[WhiteElo "2258"]
[BlackElo "2330"]
[EventDate "1999.04.13"]
[PlyCount "139"]

1.d4 Nf6 2.c4 g6 3.Nc3 d5 4.Nf3 Bg7 5.Qb3 dxc4 6.Qxc4 O-O 7.e4 a6 8.e5 b5 
9.Qb3 Nfd7 10.e6 fxe6 11.Be3 Nf6 12.a4 bxa4 13.Rxa4 Nd5 14.Bc4 c6 15.Ne5 
Qc7 16.Nxd5 exd5 17.Bxd5+ cxd5 18.Qxd5+ e6 19.Qxa8 Bxe5 20.dxe5 Nc6 21.Rc4
Bb7 22.Qa7 Qa5+ 23.Bd2 Qxd2+ 24.Kxd2 Nxa7 25.Rc7 Rxf2+ 26.Ke3 Rf7 27.Rhc1 
Nb5 28.Rxf7 Kxf7 29.g3 g5 30.Rf1+ Kg7 31.Rd1 Bd5 32.Ra1 Bb7 33.Rd1 Kg6 34.
Rf1 Bd5 35.Rf6+ Kg7 36.h4 h6 37.hxg5 hxg5 38.Rf1 Kg6 39.Ra1 Kf5 40.Rxa6 
Kxe5 41.Rb6 Nd6 42.Rb8 g4 43.Rg8 Bf3 44.Rg5+ Nf5+ 45.Kf2 Kd4 46.Rg8 Nd6 
47.Rd8 Ke5 48.Kg1 Ne4 49.Kh2 Nf6 50.b4 Nd5 51.b5 Ne3 52.Kg1 Nf5 53.Kf2 Nd6
54.b6 Ne4+ 55.Ke1 Nxg3 56.Rd7 Kf4 57.b7 Bxb7 58.Rxb7 e5 59.Kf2 e4 60.Rb4 
Nf5 61.Ra4 Nh4 62.Ra3 Nf3 63.Ra4 g3+ 64.Kf1 Nh4 65.Rb4 Kf3 66.Rb8 Ng6 67.
Rg8 Nf4 68.Rf8 e3 69.Rf7 e2+ 70.Ke1 0-1

[Event "Oceania zt"]
[Site "Gold Coast"]
[Date "1999.04.17"]
[Round "5"]
[White "Saw, Geoffrey"]
[Black "Tindall, Brett"]
[Result "1-0"]
[WhiteElo "2205"]
[BlackElo "2250"]
[EventDate "1999.04.13"]
[PlyCount "65"]

1.d4 Nf6 2.c4 e6 3.Nc3 Bb4 4.Qc2 O-O 5.e4 c5 6.e5 cxd4 7.a3 Qa5 8.axb4 
Qxa1 9.exf6 dxc3 10.fxg7 Re8 11.Qxc3 Nc6 12.Ne2 a5 13.b5 Nb4 14.g3 d5 15.
Bg2 Na2 16.Qa3 Qb1 17.O-O Nxc1 18.Rxc1 Qg6 19.cxd5 Qxg7 20.d6 Rd8 21.Nc3 
Qd4 22.Rd1 Qb4 23.Ne4 Bd7 24.Nf6+ Kg7 25.Nh5+ Kh6 26.Qe3+ Kxh5 27.Rd4 Qxd4
28.Qxd4 Rac8 29.h4 Kg6 30.h5+ Kxh5 31.Qg7 Rc1+ 32.Kh2 Be8 33.Bf3# 1-0

[Event "Oceania zt"]
[Site "Gold Coast"]
[Date "1999.04.17"]
[Round "5"]
[White "Wallace, John Paul"]
[Black "Wohl, Aleksandar H"]
[Result "1/2-1/2"]
[WhiteElo "2360"]
[BlackElo "2440"]
[EventDate "1999.04.13"]
[PlyCount "75"]

1.d4 Na6 2.e4 c6 3.Nc3 b5 4.Bd3 e6 5.Nf3 Be7 6.e5 f5 7.g4 d5 8.Rg1 g6 9.h4
Nc7 10.gxf5 exf5 11.h5 Kf7 12.e6+ Bxe6 13.hxg6+ hxg6 14.Ne5+ Ke8 15.Nxc6 
Qd6 16.Ne5 Nf6 17.Bg5 Bf7 18.Qe2 a6 19.Bf4 Qb6 20.O-O-O Ne6 21.Qf3 Nxf4 
22.Qxf4 Rg8 23.f3 Rc8 24.Rde1 Nh5 25.Qh6 Qf6 26.Rg2 Qh4 27.Kd1 Nf4 28.Nxf7
Nxg2 29.Qxh4 Nxh4 30.Nd6+ Kd7 31.Nxc8 Rxc8 32.Nxd5 Bd8 33.Ke2 Kd6 34.Nf4 
Bg5 35.Nh3 Re8+ 36.Kf2 Rxe1 37.Kxe1 Bf6 38.Ke2 1/2-1/2

[Event "Oceania zt"]
[Site "Gold Coast"]
[Date "1999.04.17"]
[Round "5"]
[White "Weeks, Manuel William"]
[Black "Depasquale, Chris"]
[Result "1/2-1/2"]
[WhiteElo "2245"]
[BlackElo "2302"]
[EventDate "1999.04.13"]
[PlyCount "82"]

1.e4 e6 2.d4 d5 3.Nd2 dxe4 4.Nxe4 Nf6 5.Nxf6+ gxf6 6.Nf3 Nc6 7.Bc4 Ne7 8.
O-O Bd7 9.Qe2 Bc6 10.Bb3 Qd7 11.c4 O-O-O 12.Rd1 Rg8 13.Bf4 Rg4 14.d5 exd5 
15.Bg3 d4 16.h3 Re4 17.Qd2 Nf5 18.Bc2 Bh6 19.Qa5 b6 20.Qxa7 Nxg3 21.fxg3 
Re2 22.Ba4 Be3+ 23.Kh2 Qe6 24.Bxc6 Qxc6 25.Qa6+ Kb8 26.Rf1 Rxb2 27.Qa3 Rc2
28.Qe7 Re8 29.Qxf7 Bf2 30.c5 b5 31.Rab1 Ree2 32.Qg8+ Ka7 33.Rb3 Rxa2 34.
Rfb1 Be1 35.Rxe1 Rxg2+ 36.Kh1 Rh2+ 37.Kg1 Rhg2+ 38.Kh1 Rgf2 39.Qg4 Rh2+ 
40.Kg1 Rhg2+ 41.Kh1 Rh2+ 1/2-1/2

[Event "Oceania zt"]
[Site "Gold Coast"]
[Date "1999.04.18"]
[Round "6"]
[White "Berezina, Irina"]
[Black "Tindall, Brett"]
[Result "1-0"]
[WhiteElo "2230"]
[BlackElo "2250"]
[EventDate "1999.04.13"]
[PlyCount "83"]

1.d4 Nf6 2.c4 e6 3.Nf3 d5 4.Nc3 Be7 5.cxd5 exd5 6.Bg5 Nbd7 7.e3 c6 8.Be2 
O-O 9.O-O Re8 10.a3 Nf8 11.Ne5 Ne4 12.Nxe4 Bxg5 13.Nc5 Ne6 14.Ncd3 f6 15.
Nf3 Qe7 16.Re1 Bh6 17.h4 Nd8 18.Nd2 Nf7 19.Bh5 g6 20.Bf3 Nd6 21.g3 Bf5 22.
Qb3 Qf7 23.Nc5 Re7 24.a4 b6 25.Nd3 Rae8 26.Nb4 Ne4 27.Nxe4 Bxe4 28.Bxe4 
Rxe4 29.Nxc6 Bf8 30.Rac1 Rg4 31.Kg2 Bd6 32.Qd1 h5 33.Qf3 Kg7 34.b4 Qd7 35.
b5 Ree4 36.Rh1 f5 37.Kf1 Qc7 38.Rg1 Qd7 39.Rc3 Kf6 40.Qd1 Re8 41.f4 Ke6 
42.Qc2 1-0

[Event "Oceania zt"]
[Site "Gold Coast"]
[Date "1999.04.18"]
[Round "6"]
[White "Depasquale, Chris"]
[Black "Kulashko, Aleksei"]
[Result "1-0"]
[WhiteElo "2302"]
[BlackElo "2396"]
[EventDate "1999.04.13"]
[PlyCount "139"]

1.f4 c5 2.Nf3 Nf6 3.g3 g6 4.Bg2 Bg7 5.O-O Nc6 6.c3 O-O 7.d3 d5 8.e3 Qc7 9.
Qe2 Bf5 10.Nbd2 Rad8 11.e4 dxe4 12.dxe4 Bc8 13.Nh4 Nd7 14.Nc4 b5 15.Ne3 
Qa5 16.e5 Ndb8 17.Nd5 b4 18.f5 Ba6 19.c4 Rde8 20.e6 Nd4 21.exf7+ Rxf7 22.
Qd3 gxf5 23.Nxf5 Nxf5 24.Rxf5 Rxf5 25.Qxf5 e6 26.Qh5 Qd8 27.Bg5 Qd7 28.
Nf6+ Bxf6 29.Bxf6 Qf7 30.Qg4+ Qg6 31.Qh4 Nd7 32.Be4 Qxf6 33.Qxh7+ Kf8 34.
Rf1 Qxf1+ 35.Kxf1 Bxc4+ 36.Ke1 Re7 37.Qh8+ Kf7 38.Qh5+ Kf8 39.g4 Rf7 40.
Qh8+ Ke7 41.Qh4+ Kd6 42.Qg3+ e5 43.Bf5 Bxa2 44.Qd3+ Bd5 45.Be4 Nb6 46.Bxd5
Nxd5 47.g5 e4 48.Qg3+ Ke6 49.g6 Rg7 50.h4 e3 51.Qg4+ Ke5 52.Qg5+ Ke4 53.h5
Nf4 54.Qd8 c4 55.Qa8+ Kd3 56.Qf3 c3 57.Qxf4 cxb2 58.Qf5+ Kc3 59.h6 Rc7 60.
g7 Kd4 61.Qf6+ Kd3 62.Qxb2 Rc2 63.Qb3+ Rc3 64.Qd5+ Kc2 65.g8=Q b3 66.Qgg2+
Kb1 67.Qd1+ Rc1 68.Qe4+ Kb2 69.Qd4+ Kb1 70.Qd3+ 1-0

[Event "Oceania zt"]
[Site "Gold Coast"]
[Date "1999.04.18"]
[Round "6"]
[White "Dwyer, Daniel"]
[Black "Ilic, Ilija"]
[Result "1-0"]
[WhiteElo "2186"]
[BlackElo "2115"]
[EventDate "1999.04.13"]
[PlyCount "75"]

1.c4 d6 2.Nc3 Nf6 3.g3 g6 4.Bg2 Bg7 5.e4 e5 6.Nge2 O-O 7.O-O Nc6 8.d3 Ne7 
9.h3 Be6 10.Bg5 h6 11.Be3 Kh7 12.Qd2 c6 13.f4 Nfg8 14.f5 Bd7 15.g4 f6 16.
d4 Be8 17.d5 cxd5 18.Nxd5 Nxd5 19.Qxd5 gxf5 20.gxf5 Ne7 21.Qd3 Qc7 22.Rfd1
Nc8 23.Nc3 Rg8 24.Kh1 Bh5 25.Rd2 Bf8 26.Bf2 a6 27.Nd5 Qf7 28.Bh4 Bg7 29.
Rg1 Na7 30.Bf3 Bxf3+ 31.Qxf3 Bh8 32.Rg6 Nc6 33.Rdg2 Ne7 34.Nxe7 Qxe7 35.
Qh5 Bg7 36.Bxf6 Qxf6 37.Rxf6 Bxf6 38.Qf7+ 1-0

[Event "Oceania zt"]
[Site "Gold Coast"]
[Date "1999.04.18"]
[Round "6"]
[White "Laird, Craig"]
[Black "Wallace, John Paul"]
[Result "1-0"]
[WhiteElo "2300"]
[BlackElo "2360"]
[EventDate "1999.04.13"]
[PlyCount "81"]

1.d4 Nf6 2.Nf3 c5 3.d5 b5 4.a4 Qa5+ 5.Bd2 b4 6.c4 g6 7.g3 Bg7 8.Bg2 O-O 9.
O-O d6 10.Qc1 Re8 11.Bh6 Bh8 12.Nbd2 Nbd7 13.Qc2 Nb6 14.h3 e6 15.dxe6 Bxe6
16.Ng5 Bf5 17.e4 Bd7 18.e5 Bf5 19.Qb3 dxe5 20.Bxa8 Rxa8 21.Qe3 Re8 22.b3 
Nc8 23.g4 Bd7 24.Nde4 Bc6 25.Qxc5 Qc7 26.Rad1 Nd7 27.Qxb4 a5 28.Qd2 Nf8 
29.Nc3 e4 30.Nd5 Qe5 31.Rfe1 f5 32.Nf3 Qb8 33.Nd4 Bd7 34.gxf5 Nd6 35.Bf4 
gxf5 36.c5 Ng6 37.Bxd6 Qd8 38.Kh2 f4 39.Nxf4 Qh4 40.Qe3 Ne5 41.Qg3+ 1-0

[Event "Oceania zt"]
[Site "Gold Coast"]
[Date "1999.04.18"]
[Round "6"]
[White "Reeves, Tristan"]
[Black "Weeks, Manuel William"]
[Result "1/2-1/2"]
[WhiteElo "2245"]
[BlackElo "2245"]
[EventDate "1999.04.13"]
[PlyCount "36"]

1.d4 Nf6 2.Nf3 e6 3.Bg5 c5 4.c3 cxd4 5.cxd4 h6 6.Bxf6 Qxf6 7.e4 Nc6 8.Be2 
Bb4+ 9.Nc3 O-O 10.O-O b6 11.a3 Bxc3 12.bxc3 Bb7 13.e5 Qe7 14.c4 d6 15.exd6
Qxd6 16.Qd3 Rfd8 17.Rfd1 Qf4 18.Qe3 Qxe3 1/2-1/2

[Event "Oceania zt"]
[Site "Gold Coast"]
[Date "1999.04.18"]
[Round "6"]
[White "Reilly, Tim"]
[Black "Dive, Russell John"]
[Result "1/2-1/2"]
[WhiteElo "2258"]
[BlackElo "2440"]
[EventDate "1999.04.13"]
[PlyCount "93"]

1.d4 Nf6 2.c4 e6 3.Nc3 Bb4 4.e3 c5 5.Bd3 Nc6 6.Ne2 cxd4 7.exd4 d5 8.cxd5 
Nxd5 9.Bc2 Be7 10.O-O Nf6 11.a3 O-O 12.Qd3 b6 13.Bg5 g6 14.Bh6 Re8 15.Rad1
Bb7 16.Rfe1 Qd7 17.Qh3 Rad8 18.Bb3 Na5 19.Ba2 b5 20.d5 Nxd5 21.Bxd5 Bxd5 
22.Nxd5 exd5 23.Qxd7 Rxd7 24.Nc3 Red8 25.Rxe7 Rxe7 26.Bg5 Red7 27.Bxd8 
Rxd8 28.Rxd5 Rxd5 29.Nxd5 Nc4 30.Nc7 Nxb2 31.Nxb5 a6 32.Nc7 a5 33.Kf1 Kf8 
34.Nd5 f5 35.Ke2 Kf7 36.Nb6 Ke6 37.Kd2 Kd6 38.Kc2 Kc6 39.Kxb2 Kxb6 40.f4 
h6 41.Kb3 Kb5 42.g3 g5 43.fxg5 hxg5 44.h3 g4 45.hxg4 fxg4 46.a4+ Kc5 47.
Kc3 1/2-1/2

[Event "Oceania zt"]
[Site "Gold Coast"]
[Date "1999.04.18"]
[Round "6"]
[White "Smerdon, David"]
[Black "Saw, Geoffrey"]
[Result "1-0"]
[WhiteElo "2173"]
[BlackElo "2205"]
[EventDate "1999.04.13"]
[PlyCount "121"]

1.e4 c5 2.c3 d5 3.exd5 Qxd5 4.d4 Nc6 5.Nf3 Bg4 6.Be2 cxd4 7.cxd4 e6 8.O-O 
Nf6 9.h3 Bh5 10.Nc3 Qa5 11.Be3 Rd8 12.Qb3 Qb4 13.Rfd1 Be7 14.g4 Bg6 15.Ne5
Qxb3 16.axb3 Bc2 17.Rdc1 Bxb3 18.Bb5 O-O 19.Bxc6 bxc6 20.Rxa7 Bd6 21.Nxc6 
Ra8 22.Rb7 Rfc8 23.Rxb3 Rxc6 24.Kg2 Kf8 25.Kf3 Rb8 26.Rxb8+ Bxb8 27.Ra1 
Rb6 28.Ra2 Rb3 29.Ke2 Ke7 30.Kd3 h5 31.gxh5 Nxh5 32.Kc4 Rb7 33.Ra5 f5 34.
Bg5+ Kd7 35.Na4 Bd6 36.Rb5 Rxb5 37.Kxb5 Bf4 38.h4 e5 39.Nb6+ Ke6 40.Kc5 
exd4 41.Bxf4 Nxf4 42.Kxd4 Ng6 43.h5 Nf4 44.b4 Nxh5 45.Nd5 Kd6 46.b5 g6 47.
b6 Kc6 48.Ke5 Ng7 49.Kf6 Ne8+ 50.Ke7 Nd6 51.Nb4+ Kc5 52.Kd7 Nb7 53.Kc7 Na5
54.Nd3+ Kd4 55.Nf4 g5 56.Ne6+ Kd3 57.Nxg5 f4 58.f3 Ke3 59.b7 Nxb7 60.Kxb7 
Kd4 61.Kc6 1-0

[Event "Oceania zt"]
[Site "Gold Coast"]
[Date "1999.04.18"]
[Round "6"]
[White "Solomon, Stephen J"]
[Black "Levi, Eddy"]
[Result "1/2-1/2"]
[WhiteElo "2435"]
[BlackElo "2245"]
[EventDate "1999.04.13"]
[PlyCount "103"]

1.e4 d5 2.exd5 Nf6 3.d4 Bg4 4.Be2 Bxe2 5.Qxe2 Qxd5 6.Nf3 e6 7.O-O Nc6 8.
Rd1 Be7 9.c4 Qh5 10.Nc3 Rd8 11.Bf4 Rd7 12.Rd2 O-O 13.Rad1 Bb4 14.h3 Rfd8 
15.Qe3 Qf5 16.g4 Qa5 17.Be5 Ne8 18.d5 Nxe5 19.Nxe5 Bxc3 20.bxc3 Rd6 21.
dxe6 fxe6 22.c5 Rxd2 23.Rxd2 Rxd2 24.Qxd2 Qb5 25.Qf4 h6 26.Qf7+ Kh7 27.
Qg6+ Kg8 28.Qxe6+ Kh7 29.Qf5+ Kg8 30.Nd7 Qe2 31.h4 Qe7 32.g5 Qf7 33.Qg4 h5
34.Qd4 Qxa2 35.c4 Qb1+ 36.Kg2 Qf5 37.Ne5 g6 38.Kg3 Qe6 39.f4 Kh7 40.Kf2 
Qf5 41.Ke1 Ng7 42.Kd2 Ne6 43.Qd7+ Ng7 44.Qxc7 Qxf4+ 45.Kc3 Qg3+ 46.Kb4 
Qxh4 47.Nd7 Qe1+ 48.Kb3 Qb1+ 49.Kc3 Qc1+ 50.Kb3 Qb1+ 51.Kc3 Qc1+ 52.Kb3 
1/2-1/2

[Event "Oceania zt"]
[Site "Gold Coast"]
[Date "1999.04.19"]
[Round "7"]
[White "Depasquale, Chris"]
[Black "Reilly, Tim"]
[Result "1-0"]
[WhiteElo "2302"]
[BlackElo "2258"]
[EventDate "1999.04.13"]
[PlyCount "57"]

1.e4 d6 2.d4 Nf6 3.Nc3 g6 4.g3 Bg7 5.Bg2 O-O 6.Nge2 e5 7.O-O Nc6 8.dxe5 
dxe5 9.Bg5 Nd4 10.Nxd4 exd4 11.Nd5 c6 12.e5 cxd5 13.Qxd4 h6 14.Bxf6 Bxf6 
15.exf6 Bf5 16.c3 Qd6 17.Rad1 Rfd8 18.Bxd5 Be6 19.Bxe6 Qxe6 20.Qxd8+ Rxd8 
21.Rxd8+ Kh7 22.Rb8 b6 23.Rb7 Qxa2 24.Re1 g5 25.Rxf7+ Qxf7 26.Re7 Kg6 27.
Rxf7 Kxf7 28.f4 Kxf6 29.Kf2 1-0

[Event "Oceania zt"]
[Site "Gold Coast"]
[Date "1999.04.19"]
[Round "7"]
[White "Dive, Russell John"]
[Black "Feldman, Vladimir"]
[Result "1/2-1/2"]
[WhiteElo "2440"]
[BlackElo "2330"]
[EventDate "1999.04.13"]
[PlyCount "83"]

1.d4 Nf6 2.c4 g6 3.Nf3 Bg7 4.g3 O-O 5.Bg2 d5 6.cxd5 Nxd5 7.O-O Nc6 8.Nc3 
Nb6 9.d5 Na5 10.e4 c6 11.dxc6 Nxc6 12.Bf4 Be6 13.Qc1 Bg4 14.Bh6 Bxf3 15.
Bxf3 Nd4 16.Bg4 e5 17.Rd1 Qe7 18.Kg2 a5 19.Bxg7 Kxg7 20.Ne2 Rfd8 21.b3 h5 
22.Nxd4 exd4 23.Bf3 Rac8 24.Qf4 f6 25.Rac1 Qe5 26.Qd2 Rxc1 27.Rxc1 Rc8 28.
Rxc8 Nxc8 29.b4 axb4 30.Qxb4 Nd6 31.h4 b5 32.Qb1 Qc5 33.Be2 Nc4 34.f4 b4 
35.Bd3 Ne3+ 36.Kf3 Qc3 37.Ke2 Ng4 38.Qc2 Qa1 39.Qb1 Qc3 40.Qc2 Qa1 41.Qb1 
Qc3 42.Qc2 1/2-1/2

[Event "Oceania zt"]
[Site "Gold Coast"]
[Date "1999.04.19"]
[Round "7"]
[White "Johansen, Darryl Keith"]
[Black "Laird, Craig"]
[Result "1-0"]
[WhiteElo "2490"]
[BlackElo "2300"]
[EventDate "1999.04.13"]
[PlyCount "67"]

1.c4 e5 2.Nc3 Nf6 3.Nf3 Nc6 4.g3 d6 5.Bg2 Be6 6.d4 e4 7.Nd2 Nxd4 8.Ndxe4 
Nc6 9.Nxf6+ Qxf6 10.Nd5 Qd8 11.Qb3 Qc8 12.O-O Be7 13.Nxe7 Kxe7 14.Qc3 Kf8 
15.c5 d5 16.Rd1 d4 17.Qa3 Bh3 18.Bxc6 bxc6 19.Rxd4 Qe6 20.Be3 h6 21.Qa5 
Qe5 22.Qa6 Kg8 23.Qxc6 Rb8 24.Qf3 Be6 25.Qf4 Qh5 26.Re1 c6 27.b3 Kh7 28.
Qe4+ Qg6 29.Qxc6 Rbc8 30.Qb5 Qh5 31.Qd3+ g6 32.Rh4 Qe5 33.Rxh6+ Kg7 34.Bd4
1-0

[Event "Oceania zt"]
[Site "Gold Coast"]
[Date "1999.04.19"]
[Round "7"]
[White "Levi, Eddy"]
[Black "Dwyer, Daniel"]
[Result "1-0"]
[WhiteElo "2245"]
[BlackElo "2186"]
[EventDate "1999.04.13"]
[PlyCount "41"]

1.e4 c5 2.Nc3 a6 3.a4 Nc6 4.f4 d6 5.Nf3 g6 6.Bc4 Bg7 7.O-O e6 8.f5 exf5 9.
d3 Nge7 10.Qe1 O-O 11.Qh4 Qc7 12.Bh6 Nb4 13.Ng5 Nec6 14.Bxg7 Kxg7 15.Qxh7+
Kf6 16.exf5 gxf5 17.Qh6+ Ke7 18.Nh7 Rg8 19.Qh4+ Ke8 20.Nf6+ Kf8 21.Qh6+ 
1-0

[Event "Oceania zt"]
[Site "Gold Coast"]
[Date "1999.04.19"]
[Round "7"]
[White "Saw, Geoffrey"]
[Black "Reeves, Tristan"]
[Result "1/2-1/2"]
[WhiteElo "2205"]
[BlackElo "2245"]
[EventDate "1999.04.13"]
[PlyCount "53"]

1.d4 e6 2.c4 Nf6 3.g3 Bb4+ 4.Bd2 Qe7 5.Nf3 Nc6 6.Nc3 O-O 7.Bg2 a5 8.O-O d6
9.Qc2 e5 10.d5 Nd4 11.Nxd4 exd4 12.Nb5 Qxe2 13.Rad1 d3 14.Qc1 Bc5 15.Bc3 
Ne4 16.Bd4 d2 17.Qc2 Bf5 18.Qb3 c6 19.Bxe4 Bxe4 20.Nc3 a4 21.Nxe2 axb3 22.
Bxc5 dxc5 23.axb3 cxd5 24.Rxd2 dxc4 25.bxc4 Rfd8 26.Rxd8+ Rxd8 27.Nc3 
1/2-1/2

[Event "Oceania zt"]
[Site "Gold Coast"]
[Date "1999.04.19"]
[Round "7"]
[White "Stawski, Nikolai"]
[Black "Allen, Andrew"]
[Result "1-0"]
[WhiteElo "2045"]
[BlackElo "2261"]
[EventDate "1999.04.13"]
[PlyCount "139"]

1.d4 Nf6 2.Nc3 d5 3.Bg5 Nbd7 4.f3 c5 5.e4 dxe4 6.d5 e3 7.Bxe3 Nb6 8.Bxc5 
Nbxd5 9.Nxd5 Qxd5 10.Qxd5 Nxd5 11.O-O-O e6 12.Bxf8 Rxf8 13.Rd4 Bd7 14.Nh3 
Ke7 15.Bc4 Bc6 16.Re1 Rfd8 17.Nf2 g5 18.Ne4 h6 19.Ng3 Nf4 20.Bf1 Rxd4 21.
Nf5+ Kf6 22.Nxd4 Bd5 23.c4 Rc8 24.b3 b6 25.Nb5 a5 26.Nd6 Rc5 27.Ne4+ Bxe4 
28.Rxe4 e5 29.Kd2 Rc7 30.Kc2 b5 31.Kb2 b4 32.Kc2 Ne6 33.Re1 a4 34.bxa4 
Nd4+ 35.Kb2 Ra7 36.Rc1 Rxa4 37.c5 Ra7 38.c6 Rc7 39.Ba6 Rxc6 40.Rxc6+ Nxc6 
41.Kb3 Ke6 42.Bb5 Nd4+ 43.Kxb4 Kd6 44.Bd3 f5 45.Kc4 h5 46.h3 Ne6 47.Bxf5 
Nf4 48.g3 Ne2 49.g4 h4 50.a4 Nf4 51.Be4 Nxh3 52.a5 Nf2 53.a6 Kc7 54.a7 
Nxe4 55.a8=Q Nd6+ 56.Kd3 h3 57.Qh8 Kc6 58.Qxh3 Kd5 59.Qh6 Nf7 60.Qa6 Nd6 
61.Qa5+ Ke6 62.Ke2 Kf6 63.Kd3 Ke6 64.Qb6 Kd5 65.Qa5+ Ke6 66.Qc5 Nb7 67.Qf8
Nd6 68.Qh6+ Kd5 69.Qxg5 Nb5 70.f4 1-0

[Event "Oceania zt"]
[Site "Gold Coast"]
[Date "1999.04.19"]
[Round "7"]
[White "Wallace, John Paul"]
[Black "Solomon, Stephen J"]
[Result "1-0"]
[WhiteElo "2360"]
[BlackElo "2435"]
[EventDate "1999.04.13"]
[PlyCount "87"]

1.d4 d5 2.c4 e6 3.Nf3 c6 4.Nc3 Nf6 5.Bg5 h6 6.Bh4 dxc4 7.e4 g5 8.Bg3 b5 9.
Be2 Bb7 10.h4 Bb4 11.hxg5 Nxe4 12.g6 Nxg3 13.gxf7+ Kxf7 14.fxg3 Nd7 15.Qc2
Qg8 16.O-O-O Qxg3 17.Ne4 Qf4+ 18.Kb1 Ke7 19.Ne5 Nxe5 20.Rhf1 Qh2 21.dxe5 
Qxe5 22.a3 Bxa3 23.bxa3 Rad8 24.Rde1 c5 25.Nc3 Bxg2 26.Bxc4 Bxf1 27.Rxe5 
Bxc4 28.Qf2 Rd4 29.Rxc5 Rhd8 30.Rc7+ R8d7 31.Rxa7 Rxa7 32.Qxd4 Rd7 33.Qg7+
Kd6 34.Qxh6 Kc6 35.Kb2 Rd3 36.Qf4 Kc5 37.Qc7+ Kd4 38.Qd6+ Ke3 39.Qe5+ Kf3 
40.a4 b4 41.Qe4+ Kf2 42.Qxc4 bxc3+ 43.Kc2 Rd5 44.Qf4+ 1-0